000 00749cam a2200241 4500
001 ABS66589
008 030501n2003 000 0 eng u
035 _a(Sirsi) u122169
245 _aFocus 2003: Manchester retail and leisure
260 _c2003
490 _aEstates Gazette
_v(0313) 29 March 2003, 63-85(14)
590 _aABS
650 _aMANCHESTER
650 _aSALFORD
650 _aSTOCKPORT
650 _aDENTON
650 _aLEISURE MARKET
650 _aPROPERTY-COMMERCIAL PROPERTY-OFFICE PROPERTY-OFFICE PROPERTY MARKET
650 _aPROPERTY-COMMERCIAL PROPERTY-RETAIL PROPERTY-RETAIL PROPERTY MARKET
650 _aRESIDENTIAL MARKET
690 _aPROPERTY-COMMERCIAL PROPERTY-COMMERCIAL PROPERTY MARKET
942 _n0
999 _c72609
_d72609